Thermal and energetic studies of cellular biological systems /

Bibliographic Details
Other Authors: James, A. M. (Arthur M.), 1923-
Format: Book
Language:English
Published: Bristol : Wright, 1987.
Subjects:

MARC

Tag First Indicator Second Indicator Subfields
LEADER 00000cam a2200000 a 4500
001 in00000006919
005 20151004070011.0
008 870603s1987 enka b 00100 eng d
010 |a gb 87000882  
015 |a GB87-882 
020 |a 0723609098 :  |c £25.00 : CIP confirmed 
035 |a (OCoLC)14411848 
035 |9 AAA1377AM 
040 |a UKM  |c UKM  |d OCL  |d TXA  |d UtOrBLW 
049 |a TXAM  |c [A12546289] 
050 1 0 |a QH324.9.C3 
050 4 |a QH324.9.C3  |b T43 1987 
082 0 |a 574.19/285  |2 19 
245 0 0 |a Thermal and energetic studies of cellular biological systems /  |c edited by A.M. James. 
264 1 |a Bristol :  |b Wright,  |c 1987. 
300 |a ix, 221 pages :  |b illustrations ;  |c 24 cm. 
336 |a text  |b txt  |2 rdacontent 
337 |a unmediated  |b n  |2 rdamedia 
338 |a volume  |b nc  |2 rdacarrier 
504 |a Includes bibliographies and index. 
650 0 |a Calorimeters. 
650 0 |a Biology  |x Technique. 
650 0 |a Calorimetry. 
700 1 |a James, A. M.  |q (Arthur M.),  |d 1923- 
999 |a MARS 
999 f f |s 3a8c79a9-d6be-358b-a02a-f1c6f5f916a5  |i 65c2a786-f354-35a3-9810-1f6df722a1ea  |t 0 
952 f f |p ric  |a Texas A&M University  |b Rellis Campus  |c Joint Library Facility  |d Remote Storage  |t 0  |e QH324.9.C3 T43 1987  |h Library of Congress classification  |i unmediated -- volume  |m A14812546289 
998 f f |a QH324.9.C3 T43 1987  |t 0  |l Remote Storage